|
|
|
|
| LEADER |
00000nam0a2200000 4500 |
| 001 |
301200 |
| 005 |
20231102001358.0 |
| 035 |
|
|
|a (RuTPU)RU\TPU\book\326372
|
| 035 |
|
|
|a RU\TPU\book\283125
|
| 090 |
|
|
|a 301200
|
| 100 |
|
|
|a 20150727d1981 km y0rusy50 ca
|
| 101 |
1 |
|
|a rus
|c eng
|
| 102 |
|
|
|a RU
|
| 105 |
|
|
|a y z 001zy
|
| 200 |
1 |
|
|a Стиль, разработка, эффективность, отладка и испытание программ
|e пер. с англ.
|f Д. Ван Тассел
|
| 210 |
|
|
|a Москва
|c Мир
|d 1981
|
| 215 |
|
|
|a 320 с.
|
| 320 |
|
|
|a Библиография в конце глав
|
| 320 |
|
|
|a Предметный указатель: 315-316
|
| 606 |
1 |
|
|a Программирование
|2 stltpush
|3 (RuTPU)RU\TPU\subj\51780
|9 70345
|
| 610 |
1 |
|
|a программы
|
| 610 |
1 |
|
|a стиль
|
| 610 |
1 |
|
|a проектирование
|
| 610 |
1 |
|
|a эффективность
|
| 610 |
1 |
|
|a отладка
|
| 610 |
1 |
|
|a тестирование
|
| 610 |
1 |
|
|a испытание
|
| 610 |
1 |
|
|a задачи
|
| 675 |
|
|
|a 681.3.06
|v 3
|
| 700 |
|
1 |
|a Ван Тассел
|b Д.
|
| 801 |
|
1 |
|a RU
|b 63413507
|c 20140514
|
| 801 |
|
2 |
|a RU
|b 63413507
|c 20170808
|g RCR
|
| 942 |
|
|
|c BK
|